| 000 | 00874nam a22002417a 4500 | ||
|---|---|---|---|
| 005 | 20140505132411.0 | ||
| 008 | 120823s2011 _ag||||| |||| 00| 0 spa d | ||
| 020 | _a9789872319717 | ||
| 082 |
_214 _a635.9 |
||
| 100 | 1 |
_aDel Vitto, Luis A. _93814 |
|
| 245 | 1 | 0 |
_aFlores y plantas de la Reserva Natural Mogote Bayo y costa de la sierra de Comechingones, Merlo, San Luis, Argentina / _cLuis A. Del Vitto; Elisa M. Petenatti; Marta E. Petenatti. |
| 260 |
_aBuenos Aires : _bFundación Espacios Verdes, _c2011. |
||
| 300 |
_a152 p. : _bil. col. ; _c22 cm. |
||
| 650 | 4 |
_923046 _aVEGETACION |
|
| 650 | 4 |
_920017 _aIDENTIFICACION |
|
| 650 | 4 |
_924660 _aRESERVA NATURAL MOGOTE BAYO |
|
| 650 | 4 |
_924661 _aMERLO |
|
| 650 | 4 |
_922323 _aSAN LUIS |
|
| 650 | 4 |
_917582 _aARGENTINA |
|
| 700 | 1 |
_aPetenatti, Elisa M. _910791 |
|
| 700 | 1 |
_aPetenatti, Marta E. _924654 |
|
| 942 |
_cLIBRO _2ddc |
||
| 999 |
_c2011 _d2011 |
||